banner koha

Flora apícola em fragmento de mata ciliar no Município de Marechal Cândido Rondon - Pr (Registro n. 222485)

MARC details
000 -LÍDER
campo de controle de tamanho fixo 00966nas a2200337 4500
001 - NÚMERO DE CONTROLE
campo de controle BR2012007012
003 - IDENTIFICADOR DO NÚMERO DE CONTROLE
campo de controle BR-BrBNA
005 - DATA E HORÁRIO DA ÚLTIMA TRANSAÇÃO
campo de controle 20231205121233.0
007 - CAMPO FIXO DE DESCRIÇÃO FÍSICA--INFORMAÇÃO GERAL
campo de controle de tamanho fixo ta
008 - CAMPO DE DADOS FIXOS--INFORMAÇÃO GERAL
campo de controle de tamanho fixo 230509b bl.|||p| |||| 00| 00por d
040 ## - FONTE DA CATALOGAÇÃO
Instituição da catalogação original BR-BrBNA
Idioma da catalogação por
Instituição que transcreveu o registro Biblioteca Nacional de Agricultura
041 ## - CÓDIGO DE IDIOMA
Código do idioma do texto/trilha sonora ou título diferente (Pt)
072 ## - CÓDIGO DE CATEGORIA DE ASSUNTO
Código de Categoria de Assunto F40; L20; F70
100 1# - ENTRADA PRINCIPAL--NOME PESSOAL
Nome pessoal Garcia, R.C.
100 1# - ENTRADA PRINCIPAL--NOME PESSOAL
Nome pessoal Curti, M.
100 1# - ENTRADA PRINCIPAL--NOME PESSOAL
Nome pessoal Lohmann, T.R.
100 1# - ENTRADA PRINCIPAL--NOME PESSOAL
Nome pessoal Pires, B.G.
100 1# - ENTRADA PRINCIPAL--NOME PESSOAL
Nome pessoal Camargo, S.C.
100 1# - ENTRADA PRINCIPAL--NOME PESSOAL
Nome pessoal Brietzke, A.L.
100 1# - ENTRADA PRINCIPAL--NOME PESSOAL
Nome pessoal Fulber, V.M.
100 1# - ENTRADA PRINCIPAL--NOME PESSOAL
Nome pessoal Machado, M.R.F.
245 1# - TÍTULO
Título Flora apícola em fragmento de mata ciliar no Município de Marechal Cândido Rondon - Pr
650 ## - ASSUNTO--TERMO TÓPICO
Cabeçalho tópico ou nome geográfico CEARÁ
650 ## - ASSUNTO--TERMO TÓPICO
Cabeçalho tópico ou nome geográfico ECOLOGIA
650 ## - ASSUNTO--TERMO TÓPICO
Cabeçalho tópico ou nome geográfico ABELHA
650 ## - ASSUNTO--TERMO TÓPICO
Cabeçalho tópico ou nome geográfico MATA CILIAR
650 ## - ASSUNTO--TERMO TÓPICO
Cabeçalho tópico ou nome geográfico FLORA
773 0# - ENTRADA ANALÍTICA
Título Scientia Agraria Paranaensis (Brazil)
ISSN - International Standard Serial Number ISSN 1677-4310
Partes relacionadas (2008), v. 7(1-2); p. 91-100
Número de controle do registro BR2012007012
909 ## -
-- 202311
-- Lúcia
-- 55
-- Lúcia Elande
942 ## - ELEMENTOS DE ENTRADA ADICIONADOS (KOHA)
Fonte da classificação ou esquema de arquivamento na estante Classificação AGRIS
Ocultar no OPAC Não
Tipo de material Koha Analítica
Exemplares
Situação do descarte Fonte da classificação ou esquema de arquivamento na estante Situação física Não pode ser emprestado Biblioteca de origem Biblioteca atual Localização na estante Enumeração do periódico / cronologia Total de empréstimos Data de último acesso Número do exemplar Tipo de material Koha Fonte de aquisição
  Classificação AGRIS   Consulta local Biblioteca Nacional de Agricultura - Binagri Biblioteca Nacional de Agricultura - Binagri   (2008), v. 7(1-2); p. 91-100   29/11/2023 01 Periódicos Portaria Interministerial nº 164/94

BINAGRI

Telefone: (61)3218-2567/2388/3357/2097 - binagri@agro.gov.br

Ministério da Agricultura e Pecuária , Esplanada dos Ministérios, Bloco D, Anexo B, Brasília/DF, CEP: 70.043-900